| 000 | 00731nam a22002537a 4500 | ||
|---|---|---|---|
| 005 | 20170124110215.0 | ||
| 010 | _a129742 | ||
| 020 | _c00.00 | ||
| 035 | _a129742 | ||
| 037 | _bCen Lib/Ret | ||
| 040 |
_aDPL _bEN |
||
| 082 |
_a026 _bSHE |
||
| 100 |
_aShera, Jesse H. _91437 |
||
| 245 |
_aDocumentation in action / _cby Jesse H. Shera, Allen Kent [and] James W. Perry |
||
| 260 |
_aNew York _bReinhold Publishing _c1956 |
||
| 270 |
_aNew York _bNew York |
||
| 300 |
_axv, 471p. _c21cm(Hb) |
||
| 500 | _aIncludes index | ||
| 650 |
_aDocumentation _9105397 |
||
| 650 |
_aInformation services _93087 |
||
| 700 |
_aKent, Allen _938935 |
||
| 700 |
_aPerry, James W. _938955 |
||
| 942 |
_2ddc _cEN _h026 _mSHE |
||
| 999 |
_c133801 _d133801 |
||